000 01982nam a2200289 a 4500
003 OSt
005 20210715120645.0
008 121115s2012 dr ac 000 0 spa d
020 _a9789993427193
040 _aBPMSU
_bspa
_cBPMSU
082 _a972.93054
_bV422n 2012
_222
100 _aVega, Bernardo,
_d1938 -
245 1 0 _aNegociaciones políticas durante la intervención militar de 1965 /
_cBernardo Vega.
260 _aSanto Domingo :
_bFundación Cultura Dominicana,
_c2012.
300 _a558 p. :
_bil., retrs. ;
_c26 cm.
500 _aIncluye datos biográficos del autor en la solapa de la cubierta.
500 _aIncluye bibliografía y notas al pie de páginas.
505 0 _tAntecedentes previos al inicio de las negociaciones --
_tJohnson ordena a Fortas a viajar a San Juan y negociar con Bosch --
_tGuzmán y Bosch negocian en San Juan con Bundy, Vance y Fortas --
_tEl primer día de negociaciones en Santo Domingo. Guzmán rehúsa reprimir a los comunistas --
_tEl segundo y largo día de negociaciones en Santo Domingo --
_tLos constitucionalistas paran las negociaciones --
_tLa influencia de Mann y la muerte de Fernández Domínguez debilitan el acuerdo --
_tLa OEA quiere ser la que necocie . Los planes para sacar a Imbert por la fuerza --
_tOptimismo sobre la "Formula Gumán" --
_tJohnson insiste en la salidad de los tres líderes constitucionalistas --
_tJohnson hunde la "Formula Guzmán" --
_tGuzmán no acepta la endurecida posición américana, Mora comienza a opinar --
_tEntre la salida de Bundy y la llegada de Bunker. El papel de Mora -
590 _aInventariado, 2021/VM
651 4 _aRepública Dominicana
_xHistoria
_y1961-
651 4 _aRepública Dominicana
_xHistoria
_yOcupación norteamericana, 1965-1966
651 4 _aEstados Unidos
_xRelaciones exteriores
_zRepública Dominicana
651 4 _aRepública Dominicana
_xRelaciones exteriores
_zEstados Unidos
710 2 _aFundación Cultural Dominicana
910 _aVMateo V.
942 _2ddc
_cBK
999 _c13569
_d13569